000 00316nam a22001217a 4500
008 190314b xxu||||| |||| 00| 0 eng d
041 _aeng
080 _a043.3
100 _a0
101 _aMBE-BA
245 _aNdikimi i marrëveshjes së stabilizimit asocimit në Ekonominë e Kosovës
_cAjeti,R
942 _2udc
_cBK
999 _c54793
_d54793